| Tag |
First Indicator |
Second Indicator |
Subfields |
| LEADER |
00000cam a2200000 a 4500 |
| 001 |
in00000540321 |
| 005 |
20151013101117.0 |
| 008 |
840315s1983 onc b 00110 eng |
| 010 |
|
|
|a 84134743
|
| 020 |
|
|
|a 0889201498 (pbk.) :
|c $6.50 ($7.50 U.S.)
|
| 035 |
|
|
|a (OCoLC)10850413
|
| 035 |
|
|
|9 ACG5233AM
|
| 039 |
0 |
|
|a 2
|b 3
|c 3
|d 3
|e 3
|
| 040 |
|
|
|a DLC
|c DLC
|d TXA
|d UtOrBLW
|
| 049 |
|
|
|a TXAM
|c [1390124]
|
| 050 |
0 |
0 |
|a BV5083
|b .H58 1983
|
| 082 |
0 |
|
|a 248.2/2
|2 19
|
| 100 |
1 |
|
|a Horne, James R.,
|d 1931-
|
| 245 |
1 |
4 |
|a The moral mystic /
|c James R. Horne.
|
| 264 |
|
1 |
|a Waterloo, Ont., Canada :
|b Published for the Canadian Corporation for Studies in Religion by Wilfrid Laurier University Press,
|c [1983]
|
| 264 |
|
4 |
|c ©1983
|
| 300 |
|
|
|a x, 132 pages ;
|c 23 cm.
|
| 336 |
|
|
|a text
|b txt
|2 rdacontent
|
| 337 |
|
|
|a unmediated
|b n
|2 rdamedia
|
| 338 |
|
|
|a volume
|b nc
|2 rdacarrier
|
| 490 |
1 |
|
|a SR supplements ;
|v 14
|
| 500 |
|
|
|a Includes index.
|
| 504 |
|
|
|a Bibliography: pages [125]-129.
|
| 650 |
|
0 |
|a Mysticism.
|
| 650 |
|
0 |
|a Ethics.
|
| 650 |
|
0 |
|a Religion and ethics.
|
| 710 |
2 |
|
|a Canadian Corporation for Studies in Religion.
|
| 830 |
|
0 |
|a SR supplements ;
|v 14.
|
| 999 |
|
|
|a MARS
|
| 999 |
f |
f |
|s 6a47e7be-fd9d-3ccf-b89e-fd6351283f05
|i de31908b-8e15-3054-9431-c86fbd105633
|t 0
|
| 952 |
f |
f |
|p ric
|a Texas A&M University
|b Rellis Campus
|c Joint Library Facility
|d Remote Storage
|t 0
|e BV5083 .H58 1983
|h Library of Congress classification
|i unmediated -- volume
|m A14808072749
|
| 998 |
f |
f |
|a BV5083 .H58 1983
|t 0
|l Remote Storage
|